| 000 | 00878nam a2200217 i 4500 | ||
|---|---|---|---|
| 001 | 166750 | ||
| 003 | ES-MaACL | ||
| 005 | 20250927114717.0 | ||
| 008 | 031006s1868 fr |||| |dfre d | ||
| 040 |
_aCCPB | B _bspa _cCCPB | B |
||
| 100 | 1 |
_aTyndall, John ( _d1820-1893) _9133425 |
|
| 245 | 1 | 0 |
_aFaraday inventeur / _cpar John Tyndall ; traduite de l'anglais par L'Abbé Moigno. |
| 260 |
_aParis : _bAu bureau du Journal Les Mondes et chez Gauthier-Willars Imp.-Libraire, _c1868. |
||
| 300 |
_aVIII, 162 p. ; _c18 cm. |
||
| 530 | _aDisponible en formato digital. | ||
| 600 | 1 | 4 |
_aFaraday, Michael. _948821 |
| 700 | 1 |
_aMoigno, François, _d1804-1884 _9130010 |
|
| 852 |
_aES-MaACL _jT-631-F-6 _z- Enc. hol., falto de cub. original _z- Enc. en un vol. facticio |
||
| 856 |
_uhttps://archive.org/details/bub_gb_Q4ert5gT6AUC _zInternet Archive |
||
| 999 |
_c166750 _d166750 |
||